| 000 | 00535nam a2200181Ia 4500 | ||
|---|---|---|---|
| 008 | 191130s2010##################000#0#eng## | ||
| 020 | _a9780070077904 | ||
| 040 |
_aACL _cACL |
||
| 082 | _a332.042 APT | ||
| 100 | _aApte, Prakash G | ||
| 245 |
_aInternational finance : a business perspective _cPrakash G Apte |
||
| 260 |
_aNew Delhi _bTata McGraw Hill Education Private Limited _c2010 |
||
| 300 | _axii, 365 p. ; 27 cm | ||
| 650 | _aFinance | ||
| 990 | _a3697f923ac10000c77879bde2df21c05 | ||
| 991 | _a405577 | ||
| 999 |
_c217865 _d217865 |
||